| 000 | 00733nam a22002411a 4500 | ||
|---|---|---|---|
| 001 | 20822 | ||
| 003 | BD-RjUL | ||
| 005 | 20211209000621.0 | ||
| 008 | 140302r1965 enkah 001 0 eng d | ||
| 035 | _a(BD-RjUL)20884 | ||
| 035 | _a(BD-RjUL) | ||
| 040 |
_aNZOC _beng _cNZOC _dBD-RjUL |
||
| 041 | _aeng | ||
| 082 | 0 | 4 |
_a821.3 _bBUS 1965 |
| 100 | 1 |
_aBuxton, John. _956653 |
|
| 245 | 1 | 0 |
_aSir Philip Sidney and the English Renaissance / _cJohn Buxton. |
| 260 |
_aLondon : _bMacmillan, _c1954[Reprinted 1965]. |
||
| 300 |
_axi, 283 p. : _bports., facsims. ; _c19 cm. |
||
| 504 | _aIncludes index and Bibliography. | ||
| 600 | 1 | 0 |
_aSidney, Philip, _cSir, _d1554-1586. _964316 |
| 650 | 0 |
_aRenaissance _zEngland. _964315 |
|
| 942 |
_2ddc _cBK |
||
| 999 |
_c20822 _d20822 |
||